MEN IN DIFFICULT TIMES: MASCULINITY TODAY AND TOMORROW Author: (Record no. 9465)

MARC details
000 -LEADER
fixed length control field 00385nam a22001337a 4500
003 - CONTROL NUMBER IDENTIFIER
control field OSt
005 - DATE AND TIME OF LATEST TRANSACTION
control field 20260430142220.0
008 - FIXED-LENGTH DATA ELEMENTS--GENERAL INFORMATION
fixed length control field 260430b |||||||| |||| 00| 0 eng d
040 ## - CATALOGING SOURCE
Transcribing agency IRDP
082 ## - DEWEY DECIMAL CLASSIFICATION NUMBER
Classification number 305.3 MEN
245 ## - TITLE STATEMENT
Title MEN IN DIFFICULT TIMES: MASCULINITY TODAY AND TOMORROW Author:
Statement of responsibility, etc. [EDITED BY ROBERT A.LEWIS]
260 ## - PUBLICATION, DISTRIBUTION, ETC. (IMPRINT)
Place of publication, distribution, etc. NEW JEYSEY;
Name of publisher, distributor, etc. PRENTICE-HALL,
Date of publication, distribution, etc. 1981.
942 ## - ADDED ENTRY ELEMENTS (KOHA)
Source of classification or shelving scheme Dewey Decimal Classification
Koha item type BOOKS
Holdings
Withdrawn status Lost status Source of classification or shelving scheme Damaged status Not for loan Home library Current library Shelving location Date acquired Total Checkouts Full call number Barcode Date last seen Price effective from Koha item type
    Dewey Decimal Classification     Dodoma Dodoma Ground Floor 30/04/2026   305.3 MEN LIB001987 30/04/2026 30/04/2026 BOOKS
    Dewey Decimal Classification     Dodoma Dodoma Ground Floor 30/04/2026   305.3 MEN LIB001986 30/04/2026 30/04/2026 BOOKS

IRDP © 2021 :: Managed by ICT Team